000 00297nam a22001337a 4500
020 _a978-8173811555
041 _aENG
100 _aSen.G.C
245 _aPrinciples Of Machine Tools
260 _aIndia
_bNew Central Book Agency
_c1998
300 _a954
650 _aFMP
856 _uFMP ( 04 )
999 _c1445
_d1445